000 00869nam a22002417a 4500
005 20120925113233.0
008 120925t xxu||||| |||| 00| 0 eng d
010 _aENG-105962
020 _c895.00
_a9789380833583
035 _aEN-89495
037 _bDBAD/PUB
040 _aDPL
_bEnglish
082 _a351
100 _949115
245 _aComparative public administration /
_cedited by Ashok Kumar
260 _aNew Delhi
_bGlobal Publications
_c2012
270 _b4378/4B,G-4 JMD House, Murari Lal Street, Ansari Road, Daryaganj
_aNew Delhi
_e110002
_mglobalpublications4u@gmail.com
300 _avi,300p.
_c23cm(Hb)
500 _aIncludes index
700 _aAshok Kumar
_952601
942 _2ddc
_cEN
_mCOM
_h351
999 _c70266
_d70266